000 01694cad a2200361aa 4500
001 L160167
008 180918s2018 xxk 000 0 eng u
020 _a9781783213221
035 _a(Sirsi) u160167
041 0 _aeng
110 2 _aRoyal Institution of Chartered Surveyors
_94900
245 0 0 _aService charges in commercial property
_bRICS Professional Statement UK
_h[electronic resource]
250 _a1st ed
260 _aLondon
_bRICS
_c2018
490 0 _aRICS Professional Statement
490 0 _aRICS Guidance Note
520 _aSets out best practice in the management and administration of service charges in commercial property and provides mandatory obligations for RICS members and registered firms to follow. Formerly Code of Practice now Professional Statement.
520 _aEffective from 1 April 2019
520 _aSupersedes third edition Code of Practice 2014 ISBN 9781783210381,
520 _aThis guidance note was amended January 2022 to update references to the RICS Rules of Conduct and again reissued in September 2023 as a professional standard
590 _aKA
650 2 4 _aSERVICE CHARGES
651 4 _aUnited Kingdom
690 _aCommercial property
_96227
690 _aProperty management
_96262
710 2 _aBritish Council for Offices
_93992
710 2 _aRevo
_96180
710 2 _aBritish Property Federation
_91604
710 2 _aBritish Retail Consortium
_91582
710 2 _aProperty Managers Association
_9213
856 4 0 _uhttps://www.rics.org/profession-standards/rics-standards-and-guidance/sector-standards/real-estate-standards/service-charges-in-commercial-property-1st-edition
_zAvailable on RICS.org
942 _n0
_2ddc
999 _c116254
_d116254